The Roman Empire from Severus to Constantine /

Bibliographic Details
Main Author: Southern, Pat, 1948- (Author)
Format: Book
Language:English
Published: London ; New York : Routledge, 2015.
Edition:Second edition.
Subjects:

MARC

Tag First Indicator Second Indicator Subfields
LEADER 00000cam a2200000 i 4500
001 in00003535607
005 20150629102423.0
008 141114s2015 enk b 001 0 eng
010 |a  2014042666 
035 |a (OCoLC)ocn896359008 
040 |a DLC  |e rda  |c DLC 
020 |a 9780415738071 (hardback : alkaline paper) 
020 |a 0415738075 (hardback : alkaline paper) 
020 |a 9780415738088 (paperback : alkaline paper) 
020 |a 0415738083 (paperback : alkaline paper) 
020 |z 9781315713083 (ebook) 
020 |a 9781138826694 (paperback : alkaline paper) 
020 |a 1138826693 (paperback : alkaline paper) 
043 |a e------  |a ff-----  |a aw----- 
050 0 0 |a DG298  |b .S67 2015 
082 0 0 |a 937  |2 23 
049 |a TXAM 
100 1 |a Southern, Pat,  |d 1948-  |e author. 
245 1 4 |a The Roman Empire from Severus to Constantine /  |c Pat Southern. 
250 |a Second edition. 
264 1 |a London ;  |a New York :  |b Routledge,  |c 2015. 
300 |a xvi, 501 pages :  |b illustrations, maps ;  |c 24 cm. 
336 |a text  |b txt  |2 rdacontent 
337 |a unmediated  |b n  |2 rdamedia 
338 |a volume  |b nc  |2 rdacarrier 
504 |a Includes bibliographical references (pages [465]-490) and index. 
505 0 |a The third century : the nature of the problem -- Emperors and usurpers : 180-260 -- Schism and reunification : 260-84 -- A world geared for war : 284-306 -- Constantine : the empire reshaped, 306-337 -- Beyond the northern frontiers -- Beyond the eastern frontiers -- The empire transformed. 
651 0 |a Rome  |x History  |y Severans, 193-235. 
651 0 |a Rome  |x History  |y Period of military anarchy, 235-284. 
651 0 |a Rome  |x History  |y Diocletian, 284-305. 
651 0 |a Rome  |x History  |y Constantine I, the Great, 306-337. 
945 |a PromptCat  |b 234251 
946 |a stk 
947 |a A14842876444 
948 |a cataloged  |b h  |c 2015/6/29  |d c  |e dmitchel  |f 10:20:30 am 
994 |a 92  |b TXA 
999 f f |s 3743c432-23bc-3372-ab57-0c96203f1ce2  |i 748175eb-0a1b-3fb7-b5ca-a95438ba580c  |t 0 
952 f f |p normal  |a Texas A&M University  |b College Station  |c Sterling C. Evans Library  |d Evans: Library Stacks  |t 0  |e DG298 .S67 2015  |h Library of Congress classification  |i unmediated -- volume  |m A14842876444 
998 f f |a DG298 .S67 2015  |t 0  |l Evans: Library Stacks